000 00612nam a2200193 i 4500
001 99672
003 ES-MaACL
005 20250731070134.0
007 t|
008 050914s1973 sp f |||| | spa d
100 1 _aMartínez Cachero, José María.
_977905
245 1 3 _aLa novela española entre 1939 y 1969
_b: historia de una aventura /
_cJ.M. Martínez Cachero.
260 _aMadrid :
_bCastalia,
_c1973.
300 _a283 p., 2 lám. ;
_c18 cm.
650 0 4 _aNovela española-
_yS.XX-
_xHistoria y crítica
_915617
852 _aES-MaACL
_jC-56193
852 _aES-MaACL
_jE-8407
999 _c99672
_d99672